Pripravujeme dohody o prácach vykonávaných mimo pracovného pomeru

Prehľad platnej právnej úpravy dohôd o prácach vykonávaných mimo pracovného pomeru podľa zákona č. 311/2001 Z. z. Zákonník práce s dôrazom na odporúčania a usmernenia pre prípravu a uzatváranie týchto dohôd. Podávame základnú právnu charakteristiku týchto dohôd, bližšie rozoberáme jednotlivé typy do...

Descripción completa

Guardado en:
Detalles Bibliográficos
Autor principal: Kočiš, Juraj
Formato: Capítulo de libro
Lenguaje:eslovaco
Materias:
Etiquetas: Agregar Etiqueta
Sin Etiquetas, Sea el primero en etiquetar este registro!

MARC

LEADER 00000naa a2200000 4500
001 0292736
005 20240417075238.4
041 0 |a slo 
044 |a SK 
245 1 0 |a Pripravujeme dohody o prácach  |b vykonávaných mimo pracovného pomeru  |c Juraj Kočiš 
520 |a Prehľad platnej právnej úpravy dohôd o prácach vykonávaných mimo pracovného pomeru podľa zákona č. 311/2001 Z. z. Zákonník práce s dôrazom na odporúčania a usmernenia pre prípravu a uzatváranie týchto dohôd. Podávame základnú právnu charakteristiku týchto dohôd, bližšie rozoberáme jednotlivé typy dohôd, a to z hľadiska ich účelu, nevyhnutných, ako aj odporúčaných obsahových náležitostí, práv, povinností a nárokov zmluvných strán a popisujeme tiež najčastejšie chyby pri ich príprave podľa poznatkov z praxe. Výklad tejto problematiky je obohatený o aktuálnu judikatúru súdov. 
610 2 0 |a zákony 
610 2 0 |a právo 
610 2 0 |a legislatíva 
610 2 0 |a dohody 
610 2 0 |a dohody o prácach mimo pracovného pomeru 
610 2 0 |a zákonník práce 
100 1 |a Kočiš, Juraj